Kirjaimen Ä sisältävää maantiedettä - Statistics

Yleistilastot
  • Tätä visaa on pelattu 653 kertaa
  • Keskiarvotulos 11 / 20
Vastaustilastot
Vihje Vastaus % Oikein
Sen pääkaupunki on Wien Itävalta
98%
Maailman pinta-alaltaan suurin valtio Venäjä
98%
Maailman eteläiseen ja pohjoiseen pallonpuoliskoon jakava viiva Päiväntasaaja
89%
Suomen toiseksi suurin järvi Päijänne
85%
Kylpylöistään ja hiekkarannoistaan tunnettu Viron kaupunki Pärnu
85%
Kylmin maanosa Etelämanner
83%
Suuren osan arktisesta alueesta muodostava meri Pohjoinen jäämeri
68%
Tanskalle kuuluva itsehallinnollinen saariryhmä Pohjanmerellä Färsaaret
64%
Suurista patsaistaan tunnettu Chilelle kuuluva saari Pääsiäissaari
63%
Historiallinen maakunta Suomen keskisissä eteläosissa Häme
57%
Muinaisen Rooman valtakunnan suuri sisämeri Välimeri
52%
Ruotsin suurin järvi Vänern
50%
Suomessa aiemmin käytössä ollut nimitys korkeimman tason hallinnollisille alueille Lääni
47%
Osittain tunnustettu maa, jonka alueita Marokko pääosin hallitsee Länsi-Sahara
45%
Tunnettu niemi Etelä-Afrikassa, joka ei oikeasti ole Afrikan eteläisin paikka Hyväntoivonniemi
42%
Euroopan toiseksi suurin järvi Ääninen
33%
Historiallinen nimitys Tšekin itäosille Määri
32%
Riian halki virtaava joki Väinäjoki
16%
Maailman suurin makeavetinen järvi Yläjärvi
16%
Pitkä särkkämuodostelma, joka erottaa laguunin merestä Kynnäs
6%
Ehtoja vastaavia visoja ei löytynyt
Tulosjakauma
Jokaisen tuloksen saaneiden osuus
Persentiili vastausten määrän mukaan
Tuloshistoriasi
Et ole pelannut tätä visaa